Statistics for Most Subscribed Musicians

Click here to take the quiz!

General Stats

  • This quiz has been taken 17 times
  • The average score is 8 of 20

Answer Stats

SubscribersChannel Name% Correct
66.9MJustin Bieber
80%
45.3MTaylor Swift
80%
42MKaty Perry
73%
50.8MEd Sheeran
67%
50.5MAriana Grande
60%
50.3MEminemMusic
60%
62.5MBANGTANTV
53%
38.4MRihanna
53%
33.8MBruno Mars
47%
44.3MBillie Eilish
40%
71MBLACKPINK
40%
35.2MMaroon 5
33%
36.9MBad Bunny
27%
36.6MOne Direction
20%
35.6MXXXTentacion
20%
35MDaddy Yankee
13%
54.5MMarshmello
13%
34.6MShakira
13%
34.4MOzuna
7%
41.1MAlan Walker
0%

Score Distribution

Percentile by Number Answered

Percent of People with Each Score

Your Score History

You have not taken this quiz